| 000 | 00596nam a22002297a 4500 | ||
|---|---|---|---|
| 003 | CO-ViMGA | ||
| 005 | 20230915225019.0 | ||
| 008 | 150710b xxu||||| |||| 00| 0 eng d | ||
| 020 | _a9789588860350 | ||
| 040 |
_aCO-ViMGA _bspa _cCO-ViMGA |
||
| 090 | _bC HUM2 | ||
| 100 | 1 | _4Lotta Carswell, Hume | |
| 245 | 1 | 0 | _aCuentos de China y Tibet |
| 250 | _aLeer es mi cuento | ||
| 260 |
_aBogotá _bNorma _c2013 |
||
| 300 | _a96 p. | ||
| 500 | _aIncluye índice | ||
| 650 | 1 | 4 |
_aCuento infantil _9276 |
| 650 | 1 | 4 |
_aLiteratura infantil _9827 |
| 700 | 1 | _4Torres Londoño, Patricia | |
| 942 |
_2ddc _cBK |
||
| 999 |
_c4119 _d4119 |
||